00420nam a2200169Ia 450000500170000000800410001702000180005804000190007604100120009508200110010710000180011824500460013626000280018230000100021065000200022085000100024020220820144017.0131103s9999 xx 000 0 und d a0 330 30716 9 aLoreto College aEnglish aFbHIG aHiggins, Jack 4aThe dark side of the islandcJack Higgins aLondonbPan booksc1989 a159p  aEnglish Fiction aLCLIB